000 00511nam a22001937a 4500
999 _c6346
_d6346
003 OSt
005 20191011130819.0
008 191011b ||||| |||| 00| 0 eng d
020 _a9783540074021
040 _cDDC
082 _a516 DIL 1975
100 _aDiestel, Joseph
_912981
245 _aGeometry of Banach Saces-Selected Topics
260 _aNew York;
_bSpringer,
_c1975
300 _axi,282p;
_bill:
_c23.5cm
504 _aReferences, & index included
650 _aGeometry
_912062
942 _2z
_cB_BANK